000 00834nam a2200253Ia 4500
003 OSt
005 20220923223253.0
006 a|||||r|||| 00| 0
007 ta
008 220922b |||||||| |||| 00| 0 hin d
024 _a212,696
037 _cTextual
040 _aARTS
_cARTS
_bhin
041 _2hin
_ahin
082 _aO152,3N2491,AD, M6
100 _aश्याम नारायण, विजयवर्गीय
245 0 _aअपना देश
246 _aApanā desha
260 _aदिल्ली
_b प्रभात प्रका0
_c1986
300 _a427पृ.
_ccm.
650 _aहिन्दी साहित्य
_9156264
942 _hO152,3N2491,AD, M6
_cTEXL
_2CC
999 _c362970
_d362970